Klick den Fußballer zum Fakt - Statistiken

Allgemein
  • Dieses Quiz wurde 83 mal gespielt
  • Das Durchschnittsergebnis liegt bei 6 aus 10
Antwortstatistiken
Hint Antwort % Korrekt
Erzielte einen Bundesliga Fünferpack in unter 9 Minuten. Robert Lewandowski
89%
Erzielte 91 Tore in einem Kalenderjahr. Lionel Messi
85%
Erzielte das schnellste Tor der WM-Geschichte. Hakan Şükür
70%
Erhielt keine einzige Rote Karte bei einer EM, aber 3 bei Weltmeisterschaften. Zinedine Zidane
70%
Bestritt 251 La Liga Spiele ohne Unterbrechung, durch Sperren oder Verletzungen. Iñaki Williams
68%
Erzielte einen Premier League Hattrick in 2 Minuten und 56 Sekunden. Sadio Mane
55%
Traf in der Premier League 1,8 Sekunden nach Einwechslung. Nicklas Bendtner
54%
Erreichte 300-Karrieretore mit 27 Jahren und 188 Tagen Romelu Lukaku
54%
Erzielte 45 Tore in Folge mit dem ersten Kontakt. Bas Dost
39%
Für 54 Premier League Spiele (bis 2017) galt: „Trifft er verliert sein Team nicht“ James Milner
32%
Keine übereinstimmenden Quizze gefunden
Verteilung der Resultate
Anzahl Personen mit jedem Resultat
Perzentil nach korrekt beantworteten Fragen
Ihre Resultats-Entwicklung
Sie haben dieses Quiz noch nicht gespielt